header

Phase-locked loop engineering handbook for integrated circuits (Record no. 36005)

MARC details
000 -LEADER
fixed length control field 01292nam a2200313Ia 4500
100 1# - MAIN ENTRY--AUTHOR NAME
Personal name Goldman, Stanley J.
245 10 - TITLE STATEMENT
Title Phase-locked loop engineering handbook for integrated circuits
260 ## - PUBLICATION, DISTRIBUTION, ETC. (IMPRINT)
Place of publication Boston :
Name of publisher Artech House,
Year of publication c2007.
300 ## - PHYSICAL DESCRIPTION
Number of Pages xxi, 549 p. :
Other physical details ill.
490 1# - SERIES STATEMENT
Series statement Artech House microwave library
650 #0 - SUBJECT ADDED ENTRY--TOPICAL TERM
Topical Term Integrated circuits
Topical Term Phase-locked loops
856 40 - ELECTRONIC LOCATION AND ACCESS
Uniform Resource Identifier http://site.ebrary.com/lib/rucke/Doc?id=10240774

No items available.

© 2026 Rongo University
Contact us: librarian | system librarian | Rongo university